ロード中...
Kahaani kaumudi. /
| 第一著者: | |
|---|---|
| フォーマット: | Printed Book |
| 言語: | Hindi |
| 出版事項: |
1970.
|
| LEADER | 00313nam a2200109Ia 4500 | ||
|---|---|---|---|
| 008 | 150624b ii ||||| |||| 00| 0 hin d | ||
| 100 | |a Hiranmay | ||
| 245 | |a Kahaani kaumudi. / | ||
| 260 | |c 1970. | ||
| 942 | |c BK | ||
| 999 | |c 62646 |d 62646 | ||
| 952 | |0 1 |1 0 |4 1 |6 H |7 0 |9 62623 |a UL |b UL |c ST1 |d 2012-10-27 |l 0 |o H |p G1630 |r 2012-10-27 |w 2012-10-27 |y BK | ||